Представление документа в формате RUSMARC

ПолеНазваниеЗначение
  Тип записи a
  Библиографический уровень m
001 Контрольный номер RU/SLIB/B/208744737
005 Дата корректировки 20260430153306.7
010 Индекс ISBN __
d Цена 0-15
101 Язык документа 0_
a Язык текста rus
200 Заглавие и сведения об ответственности 1_
a Заглавие Технология выращивания облепихи
b Общее обозначение материала Текст
210 Выходные данные 1_
a Место издания М.
c Издательство Россельхозиздат
d Дата издания 1983
215 Физическое описание __
a Объем 64 с.
606 Тематические рубрики __
a Основная рубрика Сельское хозяйство
606 Тематические рубрики __
a Основная рубрика Садоводство в целом
606 Тематические рубрики __
a Основная рубрика Ягодоводство
610 Ключевые слова 0_
a Ключевые слова облепиха
686 Индексы других классификаций __
a Классификационный индекс 42.358; ст42.3
700 Автор _1
a Фамилия Ермаков
b Имя Б. С.
4 Код отношения 070
701 Альтернативная интеллектуальная ответственность _1
a Фамилия Фаустов
b Имя В. В.
801 Источник записи _0
a Страна RU
b Организация Муниципальное бюджетное учреждение культуры "Централизованная библиотечная система" г. Сургут (Центральная городская библиотека им. А. С. Пушкина)
g Правила каталогизации КиК/Уланова
801 Источник записи _1
a Страна RU
b Организация Муниципальное бюджетное учреждение культуры "Централизованная библиотечная система" г. Сургут (Центральная городская библиотека им. А. С. Пушкина)
g Правила каталогизации КиК/Уланова
852 Данные о местонахождении __
j Шифр хранения 42.358
c Каталожный индекс 42.358
i Авторский знак Е 72
p Инвентарный номер 16696
901 Тип документа __
t Тип документа m
990 Данные о заказе (DOS) __
j Количество экземпляров (DOS) 1